Propiedades mecánicas de la mampostería con bloques sólidos de arcilla
Guardado en:
| 主要作者: | |
|---|---|
| 格式: | 图书 |
| 语言: | Spanish |
| 出版: |
[San José, Costa Rica]
2004
|
| 主题: | |
| 标签: |
添加标签
没有标签, 成为第一个标记此记录!
|
MARC
| LEADER | 00000nam a2200000Ia 4500 | ||
|---|---|---|---|
| 003 | 009349 | ||
| 005 | 20221231144137.0 | ||
| 008 | 140114s2004 cr a m 000 ||spa d | ||
| 040 | |c cru CEDI | ||
| 090 | |a TFG 4888 | ||
| 100 | |a Carballo Rodríguez, Goering |9 6430 | ||
| 245 | |a Propiedades mecánicas de la mampostería con bloques sólidos de arcilla | ||
| 260 | |c 2004 |a [San José, Costa Rica] | ||
| 300 | |a ix, 140 hojas : ilustraciones a color | ||
| 500 | |a Tesis (licenciatura en ingeniería civil)--Universidad de Costa Rica. Escuela de Ingeniería Civil | ||
| 650 | |x MAMPOSTERIA |x BLOQUES DE HORMIGON |x ARCILLA |9 6431 | ||
| 942 | |c TFG | ||
| 999 | |c 17532 |d 17532 | ||
